Memorias del general Victoriano Huerta /

Victoriano Huerta fue el puntal de Porfirio Díaz, reprimió al servicio de Madero, distintas sublevaciones de (Orozco y Zapata); en 1913 derrocó a Madero y a su vicepresidente, Pino Suarez, y con apoyo de Estados Unidos se proclamó presidente, hizo asesinar a sus antecesores y estableció una dictadur...

Description complète

Enregistré dans:
Détails bibliographiques
Auteur principal: Huerta, Victoriano (autor)
Format: Livre
Langue:espagnol
Édition:4a edición
Sujets:
Tags: Ajouter un tag
Pas de tags, Soyez le premier à ajouter un tag!

MARC

LEADER 00000nam^a2200000^a^4500
001 000115945
005 20250521000000.0
009 20260310094111.208
037 |a Acervo ITESO - Biblioteca 
041 |a ESP 
082 |a 972. 0614  |b HUE 
100 |a Huerta, Victoriano  |e (autor) 
245 1 0 |a Memorias del general Victoriano Huerta /  |c V. Huerta. 
250 |a 4a edición 
264 |a México :  |b Librería Alfonso Quiroga,  |c 1915 
300 |a 96 p. 
336 |a texto  |b txt  |2 rdacontenido 
337 |a sin mediación  |b n  |2 rdamedio 
338 |a volumen  |b nc  |2 rdasoporte 
520 |a Victoriano Huerta fue el puntal de Porfirio Díaz, reprimió al servicio de Madero, distintas sublevaciones de (Orozco y Zapata); en 1913 derrocó a Madero y a su vicepresidente, Pino Suarez, y con apoyo de Estados Unidos se proclamó presidente, hizo asesinar a sus antecesores y estableció una dictadura. Renunció en 1915. 
649 |a XX 
650 |a Militares Mexicanos -  |x Memorias 
650 |a Políticos Mexicanos -  |x Memorias 
650 |a Política -  |z México -  |x Historia -  |y Régimen Huertista, 1913-1914 
650 |a Política -  |z México -  |x Historia -  |y Revolución, 1910-1917 
650 |a Política -  |z México -  |x Historia -  |y Siglo XX 
650 |a México -  |x Historia -  |y Régimen Huertista, 1913-1914 
650 |a México -  |x Historia -  |y Revolución, 1910-1917 
650 |a México -  |x Historia -  |y Siglo XX 
650 |a Huerta, Victoriano 
910 |a Fondo Salvador Reynoso Reynoso 
920 |a Impresos - Libros 
930 |a Fondos Especiales 
905 |a 112 
901 |a 0800003000  |b IT2  |c ESP  |u 20250521 
902 |a https://opac.biblio.iteso.mx/vufind/Record/000115945